00545nam a22002057a 450000500170000001000130001702000100003003500130004003700160005304000120006908200170008110000180009824500550011626000430017127000400021430000200025450000230027465000240029765000180032120170124110233.0 aA-148791 c00.00 aA-148791 bCen Lib/Ret aDPLbEN a942.003bBRE aBredon, J.A.  aA dictionary of british history /cby J.A. Bredon  aNew Delhi bMittal Publications c1983 bNew Delhi a1857, trinagar e110035 a603p.c19cmHbp) aIncludes appendix  aBritish history z  aDictionaries